000 00281nam a22001217a 4500
020 _a0-04-900008-X
082 _a355.03 EGG'D
100 _aEGGENBERGER, DAVID
_948710
245 _aA DICTIONARY OF BATTLES
260 _aLONDON
_bGEORGE ALLAN
_c1967
300 _a526P
942 _cBK
999 _c581816
_d581816